| 000 | 00580nam a2200181 i 4500 | ||
|---|---|---|---|
| 001 | 104429 | ||
| 003 | ES-MaACL | ||
| 005 | 20230906183612.0 | ||
| 007 | t| | ||
| 008 | 051130s1973 ve ||||1| spa d | ||
| 100 | 1 |
_aMillares Carlo, Agustín, _d1893-1980 _981176 |
|
| 245 | 1 | 0 |
_aProntuario de bibliografía general / _cAgustín Millares Carlo. |
| 260 |
_aCaracas : _bUniversidad Católica Andrés Bello, _c1973. |
||
| 300 |
_a144 p. ; _c23 cm. |
||
| 710 | 2 |
_aUniversidad Católica Andrés Bello. _97078 |
|
| 852 |
_aES-MaACL _jE-6858 _bR.90502 |
||
| 999 |
_c104429 _d104429 |
||